Top 250 First-Person Shooter Video Games (IMDB) - Statistics

General Stats
  • This quiz has been taken 287 times
    275 since last reset
  • The average score is 58 of 266
Answer Stats
Video Game Year IMDB % Correct
Call of Duty 2003 8.6
94%
Call of Duty 4: Modern Warfare 2007 9.0
86%
Call of Duty: Modern Warfare 2019 8.4
82%
Call of Duty: Black Ops 2010 8.3
76%
Call of Duty: Black Ops 2 2012 8.0
73%
Halo: Combat Evolved 2001 8.8
73%
Doom 1993 8.6
72%
Doom 2016 8.5
72%
Call of Duty: Modern Warfare 2 2009 8.8
71%
Call of Duty 2 2005 8.5
70%
Halo 2 2007 8.8
70%
Halo 2 2004 8.7
70%
Halo 3: ODST 2009 7.6
70%
Call of Duty 3 2006 7.2
67%
Battlefield 2 2005 8.1
66%
Battlefield 3 2011 8.1
65%
Halo 4 2012 8.1
64%
Half-Life 1998 9.2
61%
Halo Infinite 2021 8.3
61%
Battlefield 4 2013 7.7
60%
Call of Duty: Modern Warfare 3 2011 8.1
60%
Doom II: Hell on Earth 1994 8.5
58%
Battlefield 1 2016 8.2
57%
Half-Life 2 2004 9.4
57%
Black 2006 8.1
54%
Doom Eternal 2020 8.6
49%
Far Cry 2004 7.9
49%
Half-Life: Counter Strike 2000 8.5
49%
Wolfenstein 2009 7.4
49%
BioShock 2007 9.1
48%
Call of Duty: World at War 2008 8.2
48%
Far Cry 3 2012 8.9
48%
Far Cry 3: Blood Dragon 2013 8.3
48%
Overwatch 2016 8.3
47%
Counter-Strike: Global Offensive 2012 7.7
46%
Far Cry 4 2014 8.1
46%
Portal 2007 9.1
46%
Portal 2 2011 9.4
45%
Far Cry 5 2018 7.9
44%
Medal of Honor 1999 8.3
44%
Medal of Honor 2010 7.2
44%
Quake 1996 8.2
44%
Rainbow Six 1998 7.5
44%
Rainbow Six: Vegas 2006 7.5
44%
BioShock 2 2010 8.3
43%
Fallout 4 2015 8.6
43%
Fallout 3 2008 9.1
42%
Fallout: New Vegas 2010 8.9
41%
Halo: Reach 2010 8.6
41%
BioShock Infinite 2013 9.1
40%
Wolfenstein II: The New Colossus 2017 7.9
40%
Call of Duty: WWII 2017 7.8
39%
Far Cry 6 2021 7.5
39%
Quake 2 2005 7.2
39%
Quake II 1997 7.9
39%
Call of Duty: Advanced Warfare 2014 7.3
38%
Quake III: Arena 1999 7.9
38%
Borderlands 2009 8.0
37%
Rainbow Six: Siege 2015 7.9
37%
Borderlands 2 2012 8.7
36%
Team Fortress 2 2007 8.2
36%
Grand Theft Auto V 2013 9.5
34%
Left 4 Dead 2008 8.3
34%
Apex Legends 2019 7.4
32%
Crysis 2007 8.3
32%
Destiny 2014 7.7
32%
Destiny 2 2017 7.6
32%
GoldenEye 007 1997 9.1
32%
GoldenEye 007 2010 7.3
32%
Battlefield: Bad Company 2008 7.6
31%
Borderlands 3 2019 8.1
31%
Killzone 2004 7.5
31%
Titanfall 2014 7.4
31%
Wolfenstein: The New Order 2014 8.3
31%
Star Wars: Battlefront II 2005 8.8
30%
Star Wars: Battlefront II 2017 7.2
30%
Crysis 2 2011 7.8
29%
Crysis 3 2013 7.4
29%
Duke Nukem 3D 1996 8.4
29%
Titanfall 2 2016 8.5
29%
Killzone 2 2009 8.0
28%
Resident Evil VII: Biohazard 2017 8.6
28%
Battlefield: Bad Company 2 2010 8.2
27%
Unreal 1998 8.1
27%
Deus Ex 2000 9.2
26%
F.E.A.R.: First Encounter Assault Recon 2005 8.3
26%
Killzone 3 2011 7.8
26%
Battlefield 1942 2002 8.0
25%
Counter-Strike: Source 2004 7.8
25%
Cyberpunk 2077 2020 8.0
25%
Half-Life: Alyx 2020 9.5
25%
Doom 4 2004 7.8
24%
Perfect Dark 2000 8.7
24%
Prey 2017 8.1
24%
Prey 2006 7.6
24%
Unreal Tournament 1999 8.4
24%
Wolfenstein 3D 1992 8.0
24%
Far Cry Primal 2016 7.4
23%
F.E.A.R. 2: Project Origin 2009 7.6
23%
Half-Life 2: Episode Two 2007 9.1
23%
Metroid Prime 2002 8.8
23%
Dying Light 2015 8.2
22%
Ghost Recon 2001 7.6
22%
Half-Life 2: Episode One 2006 8.8
22%
Medal of Honor: Vanguard 2007 7.3
21%
Metro 2033 2010 8.0
20%
Metro Exodus 2019 8.1
20%
Dying Light 2 2022 7.8
19%
System Shock 1994 8.1
19%
Wolfenstein: The Old Blood 2015 7.8
19%
ArmA 2013 7.4
18%
Blood 1997 8.4
18%
Dead Island 2011 7.2
18%
Doom 64 1997 7.3
18%
Resident Evil Village 2021 8.7
18%
System Shock 2 1999 8.9
18%
TimeSplitters 2000 7.4
18%
Battlefield Vietnam 2004 7.6
17%
Rage 2011 7.2
17%
Deus Ex: Human Revolution 2011 8.6
16%
Hexen: Beyond Heretic 1995 7.4
16%
Medal of Honor: Frontline 2002 8.1
16%
Metroid Prime 2: Echoes 2004 8.3
16%
Metroid Prime 3: Corruption 2007 8.5
16%
Rainbow Six: Vegas 2 2008 7.7
16%
Red Faction 2001 7.6
16%
Return to Castle Wolfenstein 2001 8.3
16%
Serious Sam II 2005 7.3
16%
Serious Sam: The First Encounter 2001 7.6
16%
Terminator: Resistance 2019 7.2
16%
Battlefield 1943 2009 7.5
15%
Dishonored 2 2012 8.4
15%
Dishonored 2 2016 8.3
15%
Heretic 1994 7.5
15%
Medal of Honor: Allied Assault 2002 8.4
15%
Postal 2 2003 7.6
15%
Resistance 2 2008 7.9
15%
Resistance: Fall of Man 2006 7.9
15%
TimeSplitters 2 2002 8.4
15%
Unreal Tournament III 2007 7.2
15%
Borderlands: The Pre-Sequel! 2014 7.4
14%
Bulletstorm 2011 7.5
14%
Deathloop 2021 7.8
14%
Half-Life: Blue Shift 2001 7.5
14%
Medal of Honor: Airborne 2007 7.3
14%
Metro: Last Light 2013 8.2
14%
Shadow Warrior 1997 7.6
14%
Shadow Warrior 2013 7.2
14%
Star Wars: Dark Forces 1995 7.9
14%
Superhot 2016 7.6
14%
Turok 2: Seeds of Evil 1998 7.6
14%
Call of Juarez 2006 7.6
13%
Deus Ex: Mankind Divided 2016 7.9
13%
Half-Life: Opposing Force 1999 8.1
13%
Hexen II 1997 7.4
13%
Medal of Honor: Underground 2000 8.0
13%
Payday 2 2013 7.4
13%
Rainbow Six 3: Raven Shield 2003 7.9
13%
Resistance 3 2011 8.0
13%
Battlefield 2142 2006 7.4
12%
Medal of Honor: Pacific Assault 2004 7.4
12%
Medal of Honor: Rising Sun 2003 7.2
12%
Singularity 2010 7.6
12%
Black Mesa 2012 8.6
11%
Blood II: The Chosen 1998 7.2
11%
Garry's Mod 2004 8.0
11%
Alien versus Predator 1999 8.0
10%
Call of Duty 2: Big Red One 2005 7.4
10%
James Bond 007: Nightfire 2002 8.0
10%
S.T.A.L.K.E.R.: Shadow of Chernobyl 2007 8.4
10%
Star Wars: Jedi Knight - Dark Forces II 1997 8.5
10%
The Darkness 2007 8.2
10%
The Operative: No One Lives Forever 2000 8.8
10%
Unreal Tournament 2004 2004 7.9
10%
XIII 2003 8.3
10%
Medal of Honor: European Assault 2005 7.8
9%
Star Wars: Jedi Knight II - Jedi Outcast 2002 8.5
9%
Star Wars: Republic Commando 2005 8.2
9%
The Darkness II 2012 7.7
9%
The Outer Worlds 2019 8.0
9%
Call of Juarez: Gunslinger 2013 7.7
8%
Delta Force 1997 7.4
8%
No One Lives Forever 2: A Spy in H.A.R.M.'s Way 2002 8.6
8%
Painkiller 2004 7.8
8%
Soldier of Fortune 2000 7.9
8%
Splitgate: Arena Warfare 2019 7.5
8%
S.T.A.L.K.E.R.: Call of Pripyat 2009 8.5
8%
SWAT 4 2005 8.1
8%
TimeSplitters: Future Perfect 2005 8.7
8%
Unreal Tournament 2003 2002 7.4
8%
Brothers in Arms: Road to Hill 3D 2005 7.9
7%
Call of Juarez: Bound in Blood 2009 7.8
7%
Serious Sam: The Second Encounter 2002 7.8
7%
Soldier of Fortune II: Double Helix 2002 7.6
7%
S.T.A.L.K.E.R.: Clear Sky 2008 7.7
7%
Star Wars: Jedi Knight - Jedi Academy 2003 8.4
7%
Crysis Warhead 2008 8.1
6%
Deep Rock Galactic 2020 7.6
6%
Descent 1994 7.2
6%
Ghost Recon: Advanced Warfighter 2006 7.3
6%
Rainbow Six: Rogue Spear 1999 7.9
6%
SWAT 3: Close Quarters Battle 1999 7.7
6%
The Orange Box 2007 9.3
6%
Undying 2001 8.8
6%
Wolfenstein: Enemy Territory 2003 8.5
6%
Area 51 2005 7.2
5%
Battlefield 2: Modern Combat 2005 7.3
5%
Brothers in Arms: Earned in Blood 2005 7.9
5%
Brothers in Arms: Hell's Highway 2008 7.7
5%
Call of Duty: United Offensive 2004 8.2
5%
Delta Force: Black Hawk Down 2003 7.5
5%
Ghost Recon: Advanced Warfighter 2 2007 7.4
5%
Jericho 2007 7.2
5%
Spear of Destiny 1992 7.8
5%
The Chronicles of Riddick: Escape from Butcher Bay 2004 8.6
5%
Turok: Dinosaur Hunter 1997 7.3
5%
Alien versus Predator 2 2001 8.3
4%
Darkwatch: Curse of the West 2005 7.8
4%
Far Cry: Instincts 2005 7.5
4%
Final Doom 1996 8.1
4%
Halo: Combat Evolved Anniversary 2011 8.4
4%
Killzone: Mercenary 2013 7.8
4%
King Kong: The Official Game of the Movie 2005 7.4
4%
Kingpin: Life of Crime 1999 7.7
4%
Outlaws 1997 8.1
4%
Star Trek Voyager: Elite Force 2000 8.3
4%
The Chronicles of Riddick: Assault on Dark Athena 2009 8.2
4%
The Terminator 1991 7.5
4%
Warhammer: Vermintide 2 2018 7.4
4%
Alien Trilogy 1996 7.2
3%
BioShock Infinite: Burial at Sea 2013 8.7
3%
Call of Cthulhu: Dark Corners of the Earth 2005 8.4
3%
Call of Duty: Mobile 2019 7.6
3%
Dishonored: Death of the Outsider 2017 7.8
3%
Doom 3: BFG Edition 2012 7.7
3%
Star Trek: Elite Force II 2003 8.0
3%
Vietcong 2002 7.9
3%
BioShock 2: Minerva's Den 2010 8.4
2%
Call of Duty: Modern Warfare Remastered 2016 8.4
2%
Dark Messiah of Might and Magic 2006 7.7
2%
Destiny 2: Forsaken 2018 7.8
2%
Dying Light: The Following 2016 8.2
2%
F.E.A.R. Extraction Point 2006 7.7
2%
F.E.A.R. Perseus Mandate 2007 7.4
2%
Men of Valor 2004 7.6
2%
Project I.G.I. 2000 8.0
2%
Project Snowblind 2005 7.4
2%
Star Wars: Jedi Knight - Mysteries of the Sith 1998 7.6
2%
The Suffering 2004 8.2
2%
Tiny Tina's Wonderlands 2022 8.2
2%
TRON 2.0 2003 8.3
2%
Urban Chaos: Riot Response 2006 8.0
2%
Call of Duty: Modern Warfare 2 Campaign Remastered 2020 8.4
1%
Destiny 2: Beyond Light 2020 7.5
1%
Destiny: Rise of Iron 2016 7.8
1%
Destiny: The Taken King 2015 8.4
1%
Doom 3: Resurrection of Evil 2005 7.4
1%
I.G.I.-2: Covert Strike 2003 8.0
1%
Oddworld: Stranger's Wrath 2005 8.1
1%
Operation Flashpoint: Cold War Crisis 2001 8.2
1%
Outcast 1999 8.5
1%
Resident Evil: The Umbrella Chronicles 2007 7.2
1%
Star Wars: Battlefronts 2004 8.3
1%
The Suffering: Ties That Bind 2005 7.6
1%
Destiny 2: The Witch Queen 2022 8.2
0%
Painkiller: Bottle Out of Hell 2004 7.2
0%
No matching quizzes found
Score Distribution
Percent of People with Each Score
Percentile by Number Answered
Your Score History
You have not taken this quiz since the last reset